000 01260nam a22002297a 4500
008 120307s2011 wau|||||r|||| 001 0 eng d
020 _a9780821383216
082 _a339.460956
_bPOO
245 _aPoor places, Thriving People :
_bHow the Middle East and North Africa can Rise above Spatial Disparities /
_c World Bank
260 _aWashington, D.C. :
_bThe World Bank,
_c2011
300 _a363 p. :
_bill. (some col.) ;
_c26 cm.
490 _929247
_aMENA Development Report
650 _929250
_aIndustrial location
_zMiddle East.
650 _929251
_aIndustrial locations
_zAfrica, North
651 _929248
_aMiddle East
_xEconomic conditions
_xRegional disparities.
651 _929249
_aAfrica, North
_xEconomic conditions
_xRegional disparities
653 _bEco
_cMarch2012
942 _2ddc
_cBB
999 _c16553
_d16553